000 00245nam a2200097Ia 4500
008 220204s9999 xx 000 0 und d
082 _a677.181:645.12
_bCOI
245 0 _aCoir mat: Commodity note
260 _aCochin
_bCoir board
_c1969
942 _cBK
999 _c22327
_d22327